Premietanie medzibankových úrokových sadzieb do klientskych sadzieb na Slovensku (2004–2016)

Komplexný súhrn teoretických východísk ako aj posúdenie úrokového kanála transmisného mechanizmu na Slovensku. Efektívnosť pôsobenia úrokového kanálu menovej politiky, konkrétne zhodnotenie rozsahu a rýchlosti transmisie zmien medzibankových úrokových sadzieb do klientskych úrokových sadzieb na vkla...

Description complète

Enregistré dans:
Détails bibliographiques
Auteur principal: Halamová, Valéria
Autres auteurs: Kočišová, Kristína
Format: Chapitre de livre
Langue:slovaque
Sujets:
Tags: Ajouter un tag
Pas de tags, Soyez le premier à ajouter un tag!

MARC

LEADER 00000naa a2200000 4500
001 0247617
005 20221104112122.6
041 0 |a slo 
044 |a CZ 
245 1 0 |a Premietanie medzibankových úrokových sadzieb do klientskych sadzieb na Slovensku (2004–2016)  |c Valéria Halamová, Kristína Kočišová 
520 |a Komplexný súhrn teoretických východísk ako aj posúdenie úrokového kanála transmisného mechanizmu na Slovensku. Efektívnosť pôsobenia úrokového kanálu menovej politiky, konkrétne zhodnotenie rozsahu a rýchlosti transmisie zmien medzibankových úrokových sadzieb do klientskych úrokových sadzieb na vkladové a úverové produkty prostredníctvom formulácie modelu s korekčným členom (ECM). Analýza môže slúžiť ako podklad pre rozhodovanie sa ekonomických subjektov, napr. z hľadiska dlhodobých kontraktov, či hraničných nákladov firiem, ako aj pre rozhodovanie sa centrálnej banky pri nastavovaní kľúčových sadzieb. 
610 2 0 |a banky centrálne 
610 2 0 |a politika menová 
610 2 0 |a sadzby úrokové 
610 2 0 |a Slovensko 
100 1 |a Halamová, Valéria 
700 1 |a Kočišová, Kristína